00290nam a2200097Ia 4500008004100000100001600041245006700057260004200124300000800166650001800174191201s1994 xx 000 0 und d aPETERS, Tom 4aThe Tom Peters Seminar Crazy Time call for Crazy Organizations aN.DelhibVintage Books New Yorkc1994 a320 aGeneral Books